000 01423nam a22003617a 4500
001 0009901
003 KOHA_MİRAKIL
005 20260207001726.0
007 ta
008 091027b2005 tu |||grd|||#0|||1|tur |
020 _a975437132X
040 _aTR-BiSEU
_btur
_cTR-BiSEU
_erda
041 0 _atur
044 _ctu
050 _aPL202
_b.E78 2005
100 1 _aErşahin, İbrahim.
245 1 _aHalk kültürü ve edebiyatı sözlüğü/
_cİbrahim Erşahin ; İbrahim Erşahin.
264 1 _aİstanbul :
_bÖtüken Neşriyat
_c2005
300 _a306 sayfa
336 _ametin
_btxt
_2rdacontent
337 _aaracısız
_bn
_2rdamedia
338 _acilt
_bnc
_2rdacarrier
490 1 _aYayın ;
_vnu 604.
490 1 _aKültür serisi ;
_v279.
500 _aKaynakça var.
505 _a"Halk: beraberce yaşayıp bir kültürü dokuya gelen insan kütlesi... Kültür: çeşitli ip, renk ve nakşıyla müşterek dokunmuş hayat kumaşı... Edebiyat: hem kültür kumaşının bir parçası, hem de onun bütününü "söz" ile tasvir eden resimler... Sözlük: bu güzelim resimlerin sergisi... Meraklılar, ilgililer, öğrenciler! Buyurun, gezin sergimizi! "
_x
650 0 _aTürk edebiyatı--Sözlükler.
_924458
650 0 _aFolklor--Türkiye--Sözlükler.
_924459
830 1 _aYayın ;
_vnu 604.
_91557
830 1 _aKültür serisi ;
_v279.
_95523
907 _aSözlük
942 _2lcc
_cBK
999 _c9873
_d9873